Image analysis and recognition : 7th international conference, ICIAR 2010, Povoa de Varzim, Portugal, June 21-23, 2010 ; proceedings. Part I /

Bibliographic Details
Corporate Authors: ICIAR 2010 Póvoa de Varzim, Portugal, SpringerLink (Online service)
Other Authors: Campilho, A., Kamel, Mohamed
Format: Conference Proceeding eBook
Language:English
Published: Berlin : Springer, [2010]
Series:LNCS sublibrary. Image processing, computer vision, pattern recognition, and graphics.
Lecture notes in computer science ; 6111.
Subjects:
Online Access:Connect to the full text of this electronic book

MARC

Tag First Indicator Second Indicator Subfields
LEADER 00000cam a2200000Ia 4500
001 in00002551007
005 20210727154908.0
006 m d
007 cr cn|
008 100810s2010 gw sb 101 0 eng d
020 |a 3642137725 
020 |a 9783642137723 
035 |a (OCoLC)654382142 
035 |a (OCoLC)ocn654382142 
035 |a 3738422 
037 |a 978-3-642-13771-6  |b Springer  |n http://www.springerlink.com 
040 |a GW5XE  |b eng  |c GW5XE  |d UtOrBLW 
049 |a TXAC 
050 4 |a TA1637  |b .I25 2010 
072 7 |a TA  |2 lcco 
082 0 4 |a 006.6  |2 22 
111 2 |a ICIAR 2010  |d (2010 :  |c Póvoa de Varzim, Portugal)  |0 http://id.loc.gov/authorities/names/nb2010016744 
245 1 0 |a Image analysis and recognition :  |b 7th international conference, ICIAR 2010, Povoa de Varzim, Portugal, June 21-23, 2010 ; proceedings.  |n Part I /  |c Aurelio Campilho, Mohamed Kamel (Eds.). 
264 1 |a Berlin :  |b Springer,  |c [2010] 
264 4 |c ©2010 
300 |a xx, 467 pages 
336 |a text  |b txt  |2 rdacontent 
337 |a computer  |b c  |2 rdamedia 
338 |a online resource  |b cr  |2 rdacarrier 
490 1 |a LNCS sublibrary. SL 6, Image processing, computer vision, pattern recognition, and graphics 
490 1 |a Lecture notes in computer science ;  |v 6111 
500 |a Electronic resource. 
500 |a International conference proceedings. 
504 |a Includes bibliographical references and author index. 
533 |a Electronic reproduction.  |b New York :  |c Springer,  |d 2010.  |n Mode of access: World Wide Web.  |n System requirements: Web browser.  |n Title from title screen (viewed on July 19, 2010).  |n Access may be restricted to users at subscribing institutions. 
650 0 |a Image analysis  |v Congresses.  |0 http://id.loc.gov/authorities/subjects/sh2008123031 
650 0 |a Image processing  |x Digital techniques  |v Congresses.  |0 http://id.loc.gov/authorities/subjects/sh2008104266 
650 0 |a Optical pattern recognition  |v Congresses.  |0 http://id.loc.gov/authorities/subjects/sh2008108668 
655 7 |a Electronic books.  |2 local 
700 1 |a Campilho, A.  |0 http://id.loc.gov/authorities/names/n94800959 
700 1 |a Kamel, Mohamed.  |0 http://id.loc.gov/authorities/names/n2004001527 
710 2 |a SpringerLink (Online service)  |0 http://id.loc.gov/authorities/names/no2005046756 
776 1 |c Original  |z 9783642137716  |z 3642137717  |w (OCoLC)644521804 
830 0 |a LNCS sublibrary.  |n SL 6,  |p Image processing, computer vision, pattern recognition, and graphics.  |0 http://id.loc.gov/authorities/names/no2007037053 
830 0 |a Lecture notes in computer science ;  |v 6111.  |0 http://id.loc.gov/authorities/names/n42015162 
856 4 0 |u http://proxy.library.tamu.edu/login?url=https://dx.doi.org/10.1007/978-3-642-13772-3  |z Connect to the full text of this electronic book  |t 0 
994 |a 92  |b TXA 
999 |a MARS 
999 f f |s f12d0f85-f1a4-3476-a015-bae89639589b  |i 75283f06-6086-390d-901b-ff22b42545d5  |t 0 
952 f f |a Texas A&M University  |b College Station  |c Electronic Resources  |d Available Online  |t 0  |e TA1637 .I25 2010  |h Library of Congress classification 
998 f f |a TA1637 .I25 2010  |t 0  |l Available Online